№ 4; АНРИ; Аппаратура и новости радиационных измерений

Podrobná bibliografie
Parent link:АНРИ.— , 2000-
Аппаратура и новости радиационных измерений: научно-информационный журнал/ Доза ; Государственный комитет по санэпиднадзору РФ ; Метрологическая академия РФ. № 4
Jazyk:ruština
Vydáno: 2004
Médium: MixedMaterials Kniha
KOHA link:https://koha.lib.tpu.ru/cgi-bin/koha/opac-detail.pl?biblionumber=394453

MARC

LEADER 00000nam2a2200000 4500
001 394453
005 20231101064514.0
035 |a (RuTPU)RU\TPU\prd\31178 
090 |a 394453 
100 |a 20041220a20049999k y0rusy50 ca 
101 0 |a rus 
102 |a RU 
200 0 |a № 4 
210 |d 2004 
461 1 |0 (RuTPU)RU\TPU\prd\1302  |t АНРИ  |d 2000- 
461 |t Аппаратура и новости радиационных измерений  |o научно-информационный журнал  |f Доза ; Государственный комитет по санэпиднадзору РФ ; Метрологическая академия РФ  |v № 4 
801 0 |a RU  |b 63413507  |c 20010227  |g PSBO 
801 1 |a RU  |b 63413507  |c 20041220  |g PSBO 
801 2 |a RU  |b 63413507  |c 20150422  |g RCR 
942 |c BK 
999 |a НТБ_ТПУ  |b НФ  |e -1/20040113  |p П-9232  |s 1/20040407  |u 0,00  |v 1  |y 13821000728307